000 00491cam a22001337a 4500
008 180718b2007 xxu||||| |||| 00| 0 eng d
082 _aAPPPA 2007-08
100 _aMohan Pyare
245 _aGrowth of special economic zone (SEZ), Noida and its impact
_cby Mohan Pyare
260 _aNew Delhi
_bIndian Institute of Public Administration
_c2007
300 _a150p.
500 _aAn APPPA M.Phil dissertation, 2006-07 (Guide: Prof. Pranab Banerjee)
650 _aSpecial economic zone (SEZ)-Noida
999 _c493509
_d493509